| 000 | 00660ngm a22001937a 4500 | ||
|---|---|---|---|
| 005 | 20170222135801.0 | ||
| 008 | 160921b xxu||||| |||| 00| 0 spa d | ||
| 041 | _aspa | ||
| 082 | _a410 DVD | ||
| 110 |
_aSonsax _923420 |
||
| 245 | _aSonsax colors | ||
| 260 |
_aCosta Rica _bSonsax _c2008 |
||
| 300 | _a47 minutos | ||
| 500 | _a El vídeo mezcla la música de sonsax y una obra de teatro dirigida a niños que empieza con el surgimiento del color y hacen un viaje por una historia de fantasía basada en los colores. | ||
| 650 |
_aTEATRO INFANTIL _923421 |
||
| 650 |
_aTEATRO COSTARRICENSE _923422 |
||
| 650 |
_aCANCIONES INFANTILES _923423 |
||
| 942 | _cDVD | ||
| 999 |
_c8436 _d8436 |
||